Statistics for Top 50 Largest Island by Area

Click here to take the quiz!

General Stats

  • This quiz has been taken 45 times
  • The average score is 28 of 50

Answer Stats

ContinentArea (km²)Island% Correct
North America105,806Cuba
98%
North America2,130,800Greenland
96%
Africa587,041Madagascar
96%
Asia748,168Borneo
91%
Europe209,331Great Britain
91%
Europe101,926Iceland
91%
Asia225,800Honshū
89%
Europe84,421Ireland
89%
Asia138,794Java
89%
Oceania111,583North Island
89%
Oceania145,836South Island
89%
Asia65,269Sri Lanka
89%
Asia78,719Hokkaidō
87%
Oceania785,753New Guinea
87%
Asia443,065Sumatra
87%
Asia24,507Taiwan
82%
North America507,451Baffin Island
80%
North America73,929Hispaniola
80%
Asia109,965Luzon
80%
Oceania65,022Tasmania
78%
Europe25,711Sicily
76%
Europe23,949Sardinia
69%
Asia180,681Sulawesi
69%
North America217,291Victoria Island
69%
Asia37,437Kyūshū
64%
North America196,236Ellesmere Island
60%
North America108,860Newfoundland
60%
Asia97,530Mindanao
53%
Asia18,545Shikoku
49%
Asia72,493Sakhalin
47%
North America31,285Vancouver Island
44%
North America70,028Banks Island
42%
Asia33,210Hainan
42%
Asia28,418Timor
36%
Europe38,981Spitsbergen
33%
Oceania35,145New Britain
29%
North America55,247Devon Island
27%
Europe47,079Severny Island
24%
South America47,992Isla Grande de Tierradel Fuego
22%
North America43,178Axel Heiberg Island
20%
North America33,339Prince of Wales Island
20%
Europe33,246Yuzhny Island
20%
Antarctica49,070Alexander Island
16%
South America40,100Marajó
16%
South America20,000Bananal
13%
North America42,149Melville Island
11%
North America41,214Southampton Island
11%
Antarctica43,873Berkner Island
9%
Asia24,000Kotelny Island
4%
North America24,786Somerset Island
4%

Score Distribution

Percentile by Number Answered

Percent of People with Each Score

Your Score History

You have not taken this quiz